Теоретическое исследование и оптимизация технических характеристик ряда ЭМИО. Оптимизация технических параметров функциональных узлов гиродина. Теоретическое исследование и разработка кинематической схемы моментно-демпфирующего устройства: научно-технический отчет по НИР ЕИЖА.520077.031

Bibliografiske detaljer
Andre forfattere: Дмитриев В. С. Виктор Степанович, Гладышев Г. Н., Костюченко Т. Г., Лоскутников А. И., Станько Э. Д.
Summary:В фонде НТБ ТПУ отсутствует
Sprog:russisk
Udgivet: Томск, 1988
Fag:
Format: MixedMaterials Bog
KOHA link:https://koha.lib.tpu.ru/cgi-bin/koha/opac-detail.pl?biblionumber=595912

MARC

LEADER 00000nbm0a2200000 4500
001 595912
005 20231101131900.0
035 |a (RuTPU)RU\TPU\tpu\17804 
035 |a RU\TPU\book\57637 
090 |a 595912 
100 |a 20100708d1997 k y0rusy50 ca 
101 0 |a rus 
102 |a RU 
105 |a a p 001zy 
200 1 |a Теоретическое исследование и оптимизация технических характеристик ряда ЭМИО. Оптимизация технических параметров функциональных узлов гиродина. Теоретическое исследование и разработка кинематической схемы моментно-демпфирующего устройства  |e научно-технический отчет по НИР ЕИЖА.520077.031  |f В. С. Дмитриев [и др.] 
210 |a Томск  |d 1988 
215 |a 188 с. 
333 |a В фонде НТБ ТПУ отсутствует 
610 1 |a отчеты о НИР 
610 1 |a труды учёных ТПУ 
701 1 |a Дмитриев  |b В. С.  |c специалист в области точного приборостроения  |c доктор технических наук, профессор Томского политехнического университета, зав. кафедрой точного приборостроения (ТПС) ЭФФ  |f 1940-  |g Виктор Степанович  |2 stltpush  |3 (RuTPU)RU\TPU\pers\25818  |4 070 
701 1 |a Гладышев  |b Г. Н.  |4 070 
701 1 |a Костюченко  |b Т. Г.  |4 070 
701 1 |a Лоскутников  |b А. И.  |4 070 
701 1 |a Станько  |b Э. Д.  |4 070 
801 1 |a RU  |b 63413507  |c 20030902  |g PSBO 
801 2 |a RU  |b 63413507  |c 20111206  |g PSBO 
942 |c BK